LEADER 03029nam a2200481 u 4500 001 000000077071 003 CaOOAMICUS 005 20070226123259.0 008 040119r19971794enk u000 u eng u 020 $a0415153840(set) 035 $a10981223 040 $aPUL$bita 100 1 $aLocke, John,$d1632-1704.$0(OLS)http://pul/name/8515 240 10$aOpere$9(Locke, John, 1632-1704).$0(OLS)http://pul/title/101008 245 14$aThe works of John Locke /$c[John Locke] ; with a new introduction by John W. Yolton. 260 $aLondon :$bRoutledge /Thoemmes Press,$c1997. 300 $a9 v. ;$c21 cm 500 $aReprinted 2002. 500 $aRist. anast. dell'edizione London 1974. 700 1 $aYolton, John W.$0(OLS)http://pul/name/37326 850 $aPUL 852 $aPUL$W1$xSL Filosofia 1$y2$m83 F 41.1-9$j98987$nBK-PRI$b $qStampati$B98987$CPULBib$Z2$F98987 $H $81 852 $aPUL$W1$xSL Filosofia 1$y2$m83 F 41.1-9$j98987$nBK-PRI$b $qStampati$B98988$CPULBib$Z2$F98988 $H $81 852 $aPUL$W1$xSL Filosofia 1$y2$m83 F 41.1-9$j98987$nBK-PRI$b $qStampati$B98989$CPULBib$Z2$F98989 $H $81 852 $aPUL$W1$xSL Filosofia 1$y2$m83 F 41.1-9$j98987$nBK-PRI$b $qStampati$B98990$CPULBib$Z2$F98990 $H $81 852 $aPUL$W1$xSL Filosofia 1$y2$m83 F 41.1-9$j98987$nBK-PRI$b $qStampati$B98991$CPULBib$Z2$F98991 $H $81 852 $aPUL$W1$xSL Filosofia 1$y2$m83 F 41.1-9$j98987$nBK-PRI$b $qStampati$B98992$CPULBib$Z2$F98992 $H $81 852 $aPUL$W1$xSL Filosofia 1$y2$m83 F 41.1-9$j98987$nBK-PRI$b $qStampati$B98993$CPULBib$Z2$F98993 $H $81 852 $aPUL$W1$xSL Filosofia 1$y2$m83 F 41.1-9$j98987$nBK-PRI$b $qStampati$B98994$CPULBib$Z2$F98994 $H $81 852 $aPUL$W1$xSL Filosofia 1$y2$m83 F 41.1-9$j98987$nBK-PRI$b $qStampati$B98995$CPULBib$Z2$F98995 $H $81 941 1 $a8 961 $aINV: 90865,90861,90864,9086,90862,90860,90857,90858,90859 961 $aINV: 90865,90861,90864,9086,90862,90860,90857,90858,90859 961 $aINV: 90865,90861,90864,9086,90862,90860,90857,90858,90859 961 $aINV: 90865,90861,90864,9086,90862,90860,90857,90858,90859 961 $aINV: 90865,90861,90864,9086,90862,90860,90857,90858,90859 961 $aINV: 90865,90861,90864,9086,90862,90860,90857,90858,90859 961 $aINV: 90865,90861,90864,9086,90862,90860,90857,90858,90859 961 $aINV: 90865,90861,90864,9086,90862,90860,90857,90858,90859 961 $aINV: 90865,90861,90864,9086,90862,90860,90857,90858,90859 996 $6020$a0415153840(set)$9(OLS)http://pul/number/101037 996 $6245$aThe works of John Locke$9(OLS)http://pul/title/101009 996 $6260$aLondon :$bRoutledge /Thoemmes Press$9(OLS)http://pul/publisher/74951 LEADER 01404nam a2200301 u 4500 001 000000047366 003 CaOOAMICUS 005 20070226114857.0 008 990920s1998 pau u000 u eng u 020 $a1-56338-262-8 035 $a10832838 040 $aBAV$bita 100 1 $aBriggs Kittredge, Cynthia.$0(OLS)http://pul/name/34430 245 10$aCommunity and authority :$bthe rhetoric of obedience in the Pauline tradition /$cCynthia Briggs Kittredge. 260 $aHarrisburg, Pennsylvania :$bTrinity Press International,$c1998. 300 $axviii, 186 p. ;$c22 cm 490 1 $aHarvard theological studies ;$v45 504 $aComprende bibliografia. 630 04$aBiblia.$pN.T.$pPauli epistolae.$0(OLS)http://pul/subject/37973 650 4$aObbedienza.$0(OLS)http://pul/subject/19955 830 0$aHarvard theological studies ;$v45.$0(OLS)http://pul/title/25085 850 $aPUL 852 $aPUL$W1$xDP2 Religione 3$y114$m224. 5 KITBR 1$j175686$nBK-PRI$b $qDDC 21$B63308$CPULBib$Z2$F63308 $H86687 $81 941 1 $a9 961 $aPrecedente Collocazione: DCan 84 996 $6020$a1-56338-262-8$9(OLS)http://pul/number/59101 996 $6245$aCommunity and authority :$bthe rhetoric of obedience in the Pauline tradition$9(OLS)http://pul/title/63754 996 $6260$aHarrisburg, Pennsylvania :$bTrinity Press International$9(OLS)http://pul/publisher/66869